|
|
|
|
| LEADER |
00982nam a2200265 a 4500 |
| 001 |
7256 |
| 003 |
BD-DhAAL |
| 005 |
20150630114054.0 |
| 008 |
150630s2008 bg a b 001 0 eng |
| 010 |
|
|
|a 2008307799
|
| 020 |
|
|
|a 9840517953
|
| 020 |
|
|
|a 9789840517954
|
| 040 |
|
|
|a DLC
|c DLC
|d NYP
|d DKAGE
|d BD-DhAAL
|
| 082 |
0 |
4 |
|a 320.014
|2 22
|
| 100 |
1 |
|
|a Muhith, A. M. A.,
|d 1934-
|9 5958
|
| 245 |
1 |
0 |
|a State language movement in East Bengal, 1947-1956 /
|c A.M.A. Muhith.
|
| 260 |
|
|
|a Dhaka :
|b University Press,
|c 2008.
|
| 300 |
|
|
|a xx, 198 p. :
|b ill. ;
|c 22 cm.
|
| 504 |
|
|
|a Includes bibliographical references (p. [185]-187) and index.
|
| 541 |
|
|
|e 7256
|
| 650 |
|
0 |
|a Language policy
|z Bangladesh.
|9 12673
|
| 650 |
|
0 |
|a Bengali language
|x Political aspects
|z Bangladesh.
|9 12674
|
| 942 |
|
|
|2 ddc
|c BK
|
| 999 |
|
|
|c 34895
|d 34895
|
| 952 |
|
|
|0 0
|1 0
|2 ddc
|4 0
|6 320_014000000000000_MUH
|7 0
|9 54625
|a SCL
|b SCL
|c GEN
|d 2015-06-30
|g 338.00
|l 4
|m 1
|o 320.014 MUH
|p 3020007256
|r 2024-02-12
|s 2024-02-03
|t 1
|w 2015-06-30
|y BK
|